Stanovenie príčin poškodenia vytlačovacej hubice na plasty

Guardado en:
Detalles Bibliográficos
Autor principal: Pytel, Samuel (Autor)
Otros Autores: Moravčík, Roman (Orientador)
Formato: Manuscrito Libro
Lenguaje:eslovaco
Publicado: 2018
Materias:
Acceso en línea:http://is.stuba.sk/zp/portal_zp.pl?podrobnosti=132432
Etiquetas: Agregar Etiqueta
Sin Etiquetas, Sea el primero en etiquetar este registro!

MARC

LEADER 00000ntm a22000003a 4500
001 stuzp68363
003 SK-STU
005 20180820160339.7
007 ta
008 150427s2015----xo-----f-mn---000-0-slo-d
040 |a STU  |b slo 
041 0 |a slo 
100 1 |a Pytel, Samuel  |u 061000  |4 aut  |U MTF Materiálovotechnologická fakulta  |T MTF Ústav materiálov  |X 80140  |U M1000  |Y 81  |7 80140 
242 0 1 |a Establishing the causes of damage to the extrusion nozzle for plastics  |y eng 
245 1 0 |a Stanovenie príčin poškodenia vytlačovacej hubice na plasty 
260 |c 2018 
650 4 |a vytlačovacia hubica  |2 slo 
650 4 |a nástrojová oceľ  |2 slo 
650 4 |a tepelné spracovanie  |2 slo 
650 4 |a metalurgický postup  |2 slo 
650 4 |a extrusion nozzle  |2 eng 
650 4 |a tool steel  |2 eng 
650 4 |a thermal treatment  |2 eng 
650 4 |a metalurgic methods  |2 eng 
700 1 |a Moravčík, Roman  |u 061000  |k Z1  |4 ths  |U MTF Materiálovotechnologická fakulta  |T MTF Ústav materiálov  |X 1473  |U M1000  |Y 81  |7 A000001473 
856 4 |u http://is.stuba.sk/zp/portal_zp.pl?podrobnosti=132432 
996 |c M* BP-8283  |l MMSKP  |s P  |a 0  |w stuzp68363_0001